| Поле | Название | Значение |
| |
Тип записи |
a |
| |
Библиографический уровень |
m |
| 001 |
Контрольный номер |
SKBR/abaf5f11-44f5-41fd-a572-3c20eece7b18 |
| 005 |
Дата корректировки |
20260619124741.8 |
| 010 |
Индекс ISBN |
__ |
| a |
ISBN |
978-5-235-05163-8 |
| 9 |
Тираж |
2000 экз. |
| b |
Уточнения |
в пер. |
| 035 |
Другие системные номера |
__ |
| a |
Идентификатор записи |
RU\NLR\BIBL_A\022380437 |
| 100 |
Данные общей обработки |
__ |
| a |
Данные общей обработки |
20241113d2024 m y0rusa028902 ca |
| 101 |
Язык документа |
0_ |
| a |
Язык текста |
rus |
| 102 |
Страна публикации |
__ |
| a |
Страна публикации |
RU |
| 105 |
Кодированные данные (монография) |
__ |
| a |
Кодированные данные (монография) |
a z 000yb |
| 181 |
Поле кодированных данных: вид содержания |
_0 |
| a |
Код вида содержания (ISBD) |
i |
| 182 |
Поле кодированных данных: тип средства |
_0 |
| a |
Код типа средства (ISBD) |
n |
| 200 |
Заглавие и сведения об ответственности |
1_ |
| a |
Заглавие |
Виктор Бут. Непокоренный |
| f |
Первые сведения об ответственности |
Александр Гасюк |
| 203 |
Вид содержания и тип средства |
__ |
| a |
Вид содержания |
Текст |
| c |
Тип средства |
непосредственный |
| 210 |
Выходные данные |
1_ |
| a |
Место издания |
Москва |
| c |
Издательство |
Молодая гвардия |
| d |
Дата издания |
2024 |
| 215 |
Физическое описание |
__ |
| a |
Объем |
316, [1] с., [16] л. ил. |
| d |
Формат |
21 см |
| c |
Иллюстрации/тип воспроизводства |
портр., фот. |
| 320 |
Библиография |
__ |
| a |
Библиография |
Библиография в подстрочных примечаниях |
| 330 |
Аннотация |
__ |
| a |
Аннотация |
Для Соединенных Штатов Америки он - опаснейший контрабандист оружия, история которого легла в основу снятого в 2005 году фильма "Оружейный барон" с Николасом Кейджем в главной роли. Для России он - гражданин-мученик, осужденный, отчасти благодаря голливудскому фильму и продолжительной клеветнической кампании в западных СМИ. Но кто такой Виктор Бут на самом деле и чем он занимается? После распада Советского Союза Бут начал успешный бизнес в качестве брокера по авиаперевозкам и грузовым операциям. В 2003 году он рассказал репортеру The New York Times, что стал свидетелем того, как "пожертвования Запада бедным странам, часто в форме современной промышленности, приводят к разрушению социального и экологического баланса, взаимному недовольству и в конечном итоге войне"... |
| 333 |
Примечание о целевом назначении |
__ |
| a |
Примечание о целевом назначении |
16+. Для детей старше 16 лет |
| 517 |
Другие варианты заглавия |
1_ |
| a |
Другие варианты заглавия |
Непокоренный |
| 600 |
Персоналии |
_1 |
| 2 |
Код системы |
nlr_sh |
| a |
Персоналии (Фамилия) |
Бут |
| b |
Персоналии (Имя) |
В. А. |
| g |
Полное имя |
Виктор Анатольевич |
| f |
Даты |
1967- |
| 606 |
Тематические рубрики |
1_ |
| a |
Основная рубрика |
История |
| 2 |
Код системы |
nlr_sh |
| 606 |
Тематические рубрики |
__ |
| 2 |
Код системы |
nlr_sh |
| a |
Основная рубрика |
Новейшая история |
| 610 |
Ключевые слова |
0_ |
| a |
Ключевые слова |
архивные материалы |
| 610 |
Ключевые слова |
0_ |
| a |
Ключевые слова |
биографии |
| 610 |
Ключевые слова |
0_ |
| a |
Ключевые слова |
мемуары |
| 610 |
Ключевые слова |
0_ |
| a |
Ключевые слова |
бизнесмены |
| 610 |
Ключевые слова |
0_ |
| a |
Ключевые слова |
биографические материалы |
| 610 |
Ключевые слова |
0_ |
| a |
Ключевые слова |
биографические сведения |
| 610 |
Ключевые слова |
0_ |
| a |
Ключевые слова |
тюрьмы |
| 610 |
Ключевые слова |
0_ |
| a |
Ключевые слова |
торговля оружием |
| 610 |
Ключевые слова |
0_ |
| a |
Ключевые слова |
политические интриги |
| 610 |
Ключевые слова |
0_ |
| a |
Ключевые слова |
дело Бута |
| 610 |
Ключевые слова |
0_ |
| a |
Ключевые слова |
тюремное заключение |
| 610 |
Ключевые слова |
0_ |
| a |
Ключевые слова |
превратности судьбы |
| 610 |
Ключевые слова |
0_ |
| a |
Ключевые слова |
знаменитые преступники |
| 610 |
Ключевые слова |
0_ |
| a |
Ключевые слова |
журналистское расследование |
| 610 |
Ключевые слова |
0_ |
| a |
Ключевые слова |
военное дело |
| 610 |
Ключевые слова |
0_ |
| a |
Ключевые слова |
спецслужбы |
| 610 |
Ключевые слова |
0_ |
| a |
Ключевые слова |
американские спецслужбы |
| 610 |
Ключевые слова |
0_ |
| a |
Ключевые слова |
американские тюрьмы |
| 686 |
Индексы других классификаций |
__ |
| a |
Классификационный индекс |
63.3(2)6-8 |
| 2 |
Код системы |
rubbks |
| 700 |
Автор |
_1 |
| a |
Фамилия |
Гасюк |
| b |
Имя |
А. Г. |
| g |
Полное личное имя |
Александр Геннадьевич |
| 4 |
Код отношения |
070 |
| 801 |
Источник записи |
_0 |
| a |
Страна |
RU |
| b |
Организация |
NLR |
| c |
Дата составления |
20241113 |
| g |
Правила каталогизации |
PSBO |
| 801 |
Источник записи |
_1 |
| a |
Страна |
RU |
| b |
Организация |
NLR |
| c |
Дата составления |
20241113 |
| g |
Правила каталогизации |
PSBO |
| 801 |
Источник записи |
_2 |
| a |
Страна |
RU |
| b |
Организация |
NLR |
| c |
Дата составления |
20250101 |
| 2 |
Код формата |
rusmarc |
| g |
Правила каталогизации |
PSBO |
| 852 |
Данные о местонахождении |
__ |
| i |
Авторский знак |
Г 22 |
| j |
Шифр хранения |
63.3(2)6-8 |
| 901 |
Тип документа |
__ |
| a |
Ответственный |
ООФиК/Волкова |
| t |
Тип документа |
m |
| 901 |
Тип документа |
__ |
| a |
Ответственный |
без партии |
| 903 |
Характеристики (МАРС) |
__ |
| a |
Дата передачи |
20260619 |
| c |
Наименование библиотеки (МАРС) |
Муниципальное бюджетное учреждение культуры "Централизованная библиотечная система" г. Сургут (Центральная городская библиотека им. А. С. Пушкина) |
| 969 |
Тип издания |
__ |
| a |
Тип издания |
историческая литература |
| a |
Тип издания |
Ф 26 |